| 000 | 00899cam a22002771 4500 | ||
|---|---|---|---|
| 001 | |||
| 003 | DO-SdBNP | ||
| 005 | 20211117122211.0 | ||
| 008 | 940531s1969 sp c 000 0 spa | ||
| 010 | _a | ||
| 040 |
_aBPMSU _bspa _cBPMSU _d _d |
||
| 041 | 1 |
_aspa _hrus |
|
| 082 |
_a891.73 _bD724h 1969 _222 |
||
| 100 | 1 |
_aDostoievski, Fedor Mijailovich, _d1821-1881. |
|
| 245 | 1 | 4 |
_aLos hermanos Karamazov / _cFedor Mijailovich Dostoievski ; Traducción José Laín Entralgo _b |
| 260 |
_aBarcelona : _bCírculos de Lectores, _c1969 |
||
| 300 |
_a1106 p. ; _c20 cm. _b |
||
| 490 | 0 |
_aClásicos de la literatura universal _v 2 |
|
| 500 | _aAt head of title: Fedor Dostolewski. Obras completas. | ||
| 534 | _aTítulo original ruso, Brat ya Karamazovy | ||
| 648 | _a | ||
| 650 | 4 | _aNovela rusa. | |
| 700 | 1 |
_aEntralgo, José Laín _etr. _d _t |
|
| 910 | _aVMateo V. | ||
| 942 |
_2ddc _cBK |
||
| 999 |
_c13880 _d13880 |
||